[Event "Nova Gorica op 28th"]
[Site "Nova Gorica"]
[Date "2024.01.28"]
[Round "4"]
[White "Trybus, Daniel"]
[Black "Barbir, Petar"]
[Result "1-0"]
[WhiteElo "2039"]
[BlackElo "1738"]
[PlyCount "95"]
[EventDate "2024.01.26"]
[EventType "swiss"]
[EventRounds "9"]
[EventCountry "SLO"]
[SourceTitle "CB06_2024"]
[SourceDate "2024.02.07"]
[SourceVersion "1"]
[SourceVersionDate "2024.02.07"]
[SourceQuality "1"]

1. e4 c5 2. Nf3 d6 3. g3 g6 4. Bg2 Bg7 5. 0-0 Nc6 6. c3 e5 7. Na3 Nge7 8. Nc2 0-0 9. d4 exd4 10. cxd4 Bg4 11. Be3 cxd4 12. Ncxd4 d5 13. Nxc6 bxc6 14. Qa4 dxe4 15. Qxe4 Bf5 16. Qh4 Nd5 17. Bg5 f6 18. Bd2 Qb6 19. b3 Rad8 20. Qa4 Rd7 21. Rac1 Bd3 22. Rfe1 Bb5 23. Qg4 c5 24. Re6 Rd6 25. Rce1 Bd7 26. Rxd6 Qxd6 27. Qc4 Kh8 28. Rc1 Rc8 29. Ng5 fxg5 30. Qxd5 Qxd5 31. Bxd5 g4 32. Be3 Bd4 33. Rd1 Bxe3 34. fxe3 Bc6 35. Kf2 Rd8 36. e4 Kg7 37. Ke3 g5 38. Rd2 Bxd5 39. Rxd5 Rxd5 40. exd5 Kf6 41. Ke4 h6 42. d6 Ke6 43. d7 Kxd7 44. Kd5 h5 45. Kxc5 h4 46. Kd5 hxg3 47. hxg3 Kc7 48. b4 1-0

[Event "Bassano del Grappa Vergani Cup"]
[Site "Bassano del Grappa"]
[Date "2023.02.02"]
[Round "2"]
[White "Trybus, Daniel"]
[Black "Qalichava, Akaki"]
[Result "0-1"]
[WhiteElo "1986"]
[BlackElo "2162"]
[PlyCount "74"]
[EventDate "2023.02.01"]
[EventType "swiss"]
[EventRounds "9"]
[EventCountry "ITA"]
[SourceTitle "CBM 212 Extra"]
[Source "ChessBase"]
[SourceDate "2023.03.31"]
[SourceVersion "1"]
[SourceVersionDate "2023.03.31"]
[SourceQuality "1"]

1. e4 e5 2. Nf3 Nc6 3. Bb5 a6 4. Ba4 Nf6 5. d3 Bc5 6. 0-0 b5 7. Bb3 d6 8. c3 Bb6 9. Nbd2 0-0 10. h3 Ne7 11. Re1 Ng6 12. Nf1 Re8 13. Ng3 Bb7 14. Bg5 h6 15. Bxh6 gxh6 16. Nf5 Nh7 17. Nxh6+ Kg7 18. Nf5+ Kg8 19. Nh6+ Kg7 20. Nf5+ Kf8 21. Qd2 Qf6 22. Qh6+ Kg8 23. h4 Nf4 24. Ng5 Qxh6 25. Nxh6+ Kf8 26. Bxf7 Nxg5 27. hxg5 Re7 28. g6 Nxd3 29. Re2 Nf4 30. Ree1 Nxg6 31. Bxg6 Re6 32. Bf5 Rxh6 33. g4 Kf7 34. g5 Rg8 35. g6+ Kf6 36. Kg2 Rhh8 37. Kg3 Bc8 0-1

[Event "Krakow op-A 33rd"]
[Site "Krakow"]
[Date "2023.01.02"]
[Round "6"]
[White "Trybus, Daniel"]
[Black "Stanisz, Patryk"]
[Result "0-1"]
[WhiteElo "2258"]
[BlackElo "2164"]
[PlyCount "76"]
[EventDate "2022.12.27"]
[EventType "swiss"]
[EventRounds "9"]
[EventCountry "POL"]
[SourceTitle "CBM 212 Extra"]
[Source "ChessBase"]
[SourceDate "2023.03.31"]
[SourceVersion "1"]
[SourceVersionDate "2023.03.31"]
[SourceQuality "1"]

1. Nf3 f5 2. g3 Nf6 3. Bg2 d6 4. 0-0 e5 5. d4 e4 6. Ne1 d5 7. c4 c6 8. cxd5 Nxd5 9. Nc3 Be6 10. Nc2 Nd7 11. Nxd5 cxd5 12. f3 Nf6 13. Bg5 Be7 14. Ne3 Qd7 15. Rc1 0-0 16. Qb3 Kh8 17. Rc3 Rac8 18. Rfc1 Rxc3 19. Rxc3 h6 20. Bf4 Bd8 21. Qa3 Rf7 22. Qxa7 Qb5 23. Qb8 Rf8 24. Qd6 Re8 25. Rc2 Qa4 26. Be5 Qxa2 27. Kf2 Qb1 28. Qb4 Nd7 29. Bd6 Bf6 30. Rc7 Ra8 31. Nc2 Ra6 32. Na3 Qd1 33. Be5 Nxe5 34. Qf8+ Bg8 35. Rc8 e3+ 36. Kxe3 Ng4+ 37. Kf4 Qd2+ 38. Kxf5 Qg5# 0-1

[Event "Krakow op-A 33rd"]
[Site "Krakow"]
[Date "2022.12.27"]
[Round "1"]
[White "Dubnevych, Maksym"]
[Black "Trybus, Daniel"]
[Result "1/2-1/2"]
[WhiteElo "2139"]
[BlackElo "2258"]
[PlyCount "90"]
[EventDate "2022.12.27"]
[EventType "swiss"]
[EventRounds "9"]
[EventCountry "POL"]
[SourceTitle "CBM 212 Extra"]
[Source "ChessBase"]
[SourceDate "2023.03.31"]
[SourceVersion "1"]
[SourceVersionDate "2023.03.31"]
[SourceQuality "1"]

1. e4 c5 2. Nf3 d6 3. d4 cxd4 4. Nxd4 Nf6 5. Nc3 a6 6. Bd3 g6 7. f3 Bg7 8. Be3 Nc6 9. Qd2 0-0 10. 0-0-0 d5 11. Nxc6 bxc6 12. Bh6 Qa5 13. Bxg7 Kxg7 14. e5 Nd7 15. Qe3 Rb8 16. e6 Nf6 17. exf7 Qb4 18. Qe5 Rxf7 19. Ne2 c5 20. Nf4 e6 21. a3 Qb6 22. Rhe1 c4 23. Bf1 Rfb7 24. Kd2 Qa5+ 25. Qc3 Qxc3+ 26. bxc3 Kf7 27. h4 Rb2 28. g4 Ra2 29. Bh3 Rbb2 30. Rc1 Ne8 31. g5 Nc7 32. Bg4 Bd7 33. h5 gxh5 34. Bxh5+ Ke7 35. Bg4 Ba4 36. Bf5 Kd6 37. Bxh7 e5 38. Ne2 Ne6 39. f4 exf4 40. Rg1 Rxa3 41. Bf5 Ng7 42. Bg6 Ne6 43. Bf5 Raa2 44. Nd4 Nxd4 45. cxd4 Rb7 1/2-1/2

[Event "EU-ch Rapid"]
[Site "Katowice"]
[Date "2022.12.17"]
[Round "3"]
[White "Horvath, Dominik"]
[Black "Trybus, Daniel"]
[Result "0-1"]
[WhiteElo "2502"]
[BlackElo "2258"]
[PlyCount "66"]
[EventDate "2022.12.17"]
[EventType "swiss (rapid)"]
[EventRounds "11"]
[EventCountry "POL"]
[SourceTitle "CBM 211 Extra"]
[Source "ChessBase"]
[SourceDate "2023.01.31"]
[SourceVersion "1"]
[SourceVersionDate "2023.01.31"]
[SourceQuality "1"]

1. e4 c5 2. c3 g6 3. d4 cxd4 4. cxd4 d5 5. e5 Nc6 6. Bb5 Nh6 7. Nc3 Bg7 8. h4 a6 9. Bxc6+ bxc6 10. h5 c5 11. Nge2 cxd4 12. Bxh6 Bxh6 13. Qxd4 Be6 14. hxg6 hxg6 15. Nf4 Rb8 16. Rd1 Qa5 17. Nfxd5 Rxb2 18. Kf1 Kf8 19. Qa7 Qa3 20. Nb5 Rxb5 21. Nc7 Kg7 22. Nxb5 Bc4+ 23. Kg1 Bxb5 24. e6 Qxa2 25. exf7 Qxf7 26. Re1 Bg5 27. Rxh8 Kxh8 28. Qc5 Bf6 29. Re3 Kg7 30. Qa7 Qd5 31. Rg3 Qd1+ 32. Kh2 Qd6 33. Kg1 Be5 0-1

[Event "Djenovici TS03 IM Oct"]
[Site "Djenovici"]
[Date "2022.10.18"]
[Round "4"]
[White "Arsovic, Zoran"]
[Black "Trybus, Daniel"]
[Result "1-0"]
[WhiteElo "2362"]
[BlackElo "2245"]
[PlyCount "80"]
[EventDate "2022.10.15"]
[EventType "tourn"]
[EventRounds "9"]
[EventCountry "MNE"]
[EventCategory "1"]
[SourceTitle "CBM 210 Extra"]
[Source "ChessBase"]
[SourceDate "2022.11.30"]
[SourceVersion "1"]
[SourceVersionDate "2022.11.30"]
[SourceQuality "1"]

1. Nf3 Nf6 2. g3 e6 3. Bg2 d5 4. d4 b5 5. 0-0 Be7 6. a4 b4 7. c4 bxc3 8. Nxc3 a5 9. Ne5 Ba6 10. Re1 c6 11. e4 Nfd7 12. Nxd7 Nxd7 13. exd5 cxd5 14. Bxd5 Rb8 15. Bg2 0-0 16. d5 exd5 17. Nxd5 Bc5 18. b3 Nb6 19. Be3 Bxe3 20. Nxe3 Nd7 21. Qd6 Rb6 22. Qd5 Bb7 23. Qxa5 Bxg2 24. Kxg2 Qa8+ 25. Qxa8 Rxa8 26. Reb1 Nc5 27. b4 Nxa4 28. Nd5 Rbb8 29. b5 Rd8 30. b6 Rxd5 31. b7 Rb8 32. Rxa4 Rdd8 33. Rc4 g6 34. Rc7 Kg7 35. Rb6 Re8 36. h4 h5 37. Kf3 Kg8 38. Rbc6 Red8 39. Rf6 Rd3+ 40. Kg2 Rb3 1-0

[Event "Djenovici TS03 IM Oct"]
[Site "Djenovici"]
[Date "2022.10.16"]
[Round "2"]
[White "Volkov, Dmitriy"]
[Black "Trybus, Daniel"]
[Result "1/2-1/2"]
[WhiteElo "2337"]
[BlackElo "2245"]
[PlyCount "93"]
[EventDate "2022.10.15"]
[EventType "tourn"]
[EventRounds "9"]
[EventCountry "MNE"]
[EventCategory "1"]
[SourceTitle "CBM 210 Extra"]
[Source "ChessBase"]
[SourceDate "2022.11.30"]
[SourceVersion "1"]
[SourceVersionDate "2022.11.30"]
[SourceQuality "1"]

1. e4 c5 2. Nf3 d6 3. d4 cxd4 4. Nxd4 Nf6 5. Nc3 a6 6. h3 e6 7. g4 h6 8. Bg2 Qc7 9. 0-0 b5 10. a3 Bb7 11. f4 Nc6 12. Nxc6 Bxc6 13. Be3 Be7 14. Qe2 Qb7 15. Bd4 0-0 16. h4 b4 17. axb4 Qxb4 18. Rad1 e5 19. fxe5 dxe5 20. Bxe5 Nd7 21. Bg3 Qxb2 22. Rf3 Qb6+ 23. Kh1 Rae8 24. Nd5 Bxd5 25. Rxd5 Nf6 26. Rb3 Qe6 27. Ra5 Nxg4 28. Rxa6 Qc8 29. Rb8 Qd7 30. Rxe8 Rxe8 31. e5 Bc5 32. Ra8 Rxa8 33. Bxa8 Qa4 34. Bf3 Ne3 35. Kh2 Qxc2 36. Qxc2 Nxc2 37. Be4 Ne3 38. Kh3 Kf8 39. Bf2 Ke7 40. Bxe3 Bxe3 41. h5 Ke6 42. Kg4 Kxe5 43. Bb1 Kf6 44. Bc2 Bg5 45. Bb1 g6 46. hxg6 fxg6 47. Bxg6 1/2-1/2

[Event "Krakow op-A"]
[Site "Krakow"]
[Date "2022.07.02"]
[Round "9"]
[White "Murphy, Conor"]
[Black "Trybus, Daniel"]
[Result "1-0"]
[WhiteElo "2393"]
[BlackElo "2199"]
[PlyCount "121"]
[EventDate "2022.06.25"]
[EventType "swiss"]
[EventRounds "9"]
[EventCountry "POL"]
[SourceTitle "CBM 209 Extra"]
[Source "ChessBase"]
[SourceDate "2022.09.30"]
[SourceVersion "1"]
[SourceVersionDate "2022.09.30"]
[SourceQuality "1"]

1. Nf3 Nf6 2. g3 g6 3. Bg2 Bg7 4. c4 0-0 5. d4 d6 6. Nc3 c6 7. 0-0 Qa5 8. e4 e5 9. h3 exd4 10. Nxd4 Nbd7 11. Qe2 Re8 12. Rd1 Nb6 13. Qd3 Qc5 14. Nb3 Qxc4 15. Qxd6 Be6 16. Rd4 Nc8 17. Qa3 Bf8 18. Qa5 b6 19. Rxc4 bxa5 20. Rxc6 Rb8 21. Nxa5 Nd7 22. Rc7 Nc5 23. Nc6 Ra8 24. e5 Na6 25. Rb7 Nc5 26. Rb5 a6 27. Rxc5 Bxc5 28. Ne4 Be7 29. Nxe7+ Nxe7 30. Nf6+ Kg7 31. Nxe8+ Rxe8 32. Bg5 Nd5 33. Rd1 Nb6 34. b3 a5 35. Bd8 Nd7 36. Bxa5 Nxe5 37. f4 Nd7 38. Bc6 Re7 39. Bb4 Re8 40. Rxd7 Bxd7 41. Bxd7 Re2 42. a4 Re3 43. Kf2 Rxb3 44. Be1 Kf6 45. a5 Ke7 46. Ba4 Rb2+ 47. Kf3 Kd6 48. Bc3 Rb7 49. Bd1 Kc5 50. Kf2 Kc4 51. Bf6 Kb5 52. Bd8 Rd7 53. Be2+ Kc6 54. Bb6 Kb7 55. Be3 f6 56. a6+ Kb8 57. h4 h6 58. g4 g5 59. hxg5 hxg5 60. fxg5 fxg5 61. a7+ 1-0

[Event "Krakow op-A"]
[Site "Krakow"]
[Date "2022.07.01"]
[Round "8"]
[White "Trybus, Daniel"]
[Black "Paszewski, Mateusz"]
[Result "1/2-1/2"]
[WhiteElo "2199"]
[BlackElo "2286"]
[PlyCount "118"]
[EventDate "2022.06.25"]
[EventType "swiss"]
[EventRounds "9"]
[EventCountry "POL"]
[SourceTitle "CBM 209 Extra"]
[Source "ChessBase"]
[SourceDate "2022.09.30"]
[SourceVersion "1"]
[SourceVersionDate "2022.09.30"]
[SourceQuality "1"]

1. e4 c6 2. d4 d5 3. Nc3 dxe4 4. Nxe4 Nf6 5. Nxf6+ exf6 6. c3 Bd6 7. Bd3 0-0 8. Qc2 Re8+ 9. Ne2 h5 10. Be3 Nd7 11. 0-0-0 b5 12. d5 c5 13. Bxb5 Rb8 14. c4 a6 15. Ba4 Re5 16. Nc3 Nb6 17. Bb3 a5 18. Rhe1 a4 19. Nxa4 Bf5 20. Qc3 Nxa4 21. Bxa4 Re4 22. f4 Bc7 23. Bxc5 Bxf4+ 24. Be3 Qc7 25. b3 Qc5 26. Kd2 Rd4+ 27. Ke2 Bxe3 28. Rxd4 Bxd4 29. Qd2 Be5 30. Kf1 Bxh2 31. Qe3 Bd6 32. Qxc5 Bxc5 33. Rd1 Rd8 34. Bc6 Bd7 35. Rb1 Bb4 36. a3 Bxa3 37. b4 Bxc6 38. dxc6 Rc8 39. b5 Kf8 40. Rd1 Ke7 41. Rd5 Bd6 42. c5 Bf4 43. Rd7+ Ke6 44. Ke2 h4 45. Kd3 g5 46. Kc4 f5 47. Rd4 Be5 48. b6 Rxc6 49. Rd5 Bg3 50. Rd2 g4 51. Kb5 Rc8 52. c6 h3 53. b7 Rb8 54. gxh3 gxh3 55. Kb6 h2 56. Rd1 Bf2+ 57. Ka5 Bg3 58. Kb6 Bf2+ 59. Ka5 Ke5 1/2-1/2

[Event "Krakow op-A"]
[Site "Krakow"]
[Date "2022.06.29"]
[Round "6"]
[White "Trybus, Daniel"]
[Black "Kantorik, Marian"]
[Result "1-0"]
[WhiteElo "2199"]
[BlackElo "2222"]
[PlyCount "67"]
[EventDate "2022.06.25"]
[EventType "swiss"]
[EventRounds "9"]
[EventCountry "POL"]
[SourceTitle "CBM 209 Extra"]
[Source "ChessBase"]
[SourceDate "2022.09.30"]
[SourceVersion "1"]
[SourceVersionDate "2022.09.30"]
[SourceQuality "1"]

1. e4 e5 2. Nf3 Nc6 3. Bb5 a6 4. Ba4 d6 5. c4 Bd7 6. d3 Nge7 7. Nc3 Ng6 8. Nd5 Be7 9. Be3 0-0 10. h4 f5 11. Ng5 Nf4 12. Nxe7+ Qxe7 13. Bxf4 exf4 14. Bb3 Nd4 15. c5+ Nxb3 16. Qxb3+ Kh8 17. 0-0-0 dxc5 18. Rde1 c4 19. Qxc4 Bb5 20. Qc3 fxe4 21. Rxe4 Qd7 22. Ne6 Rf6 23. Rhe1 Bc6 24. Re5 Re8 25. Qb3 Ba4 26. Qc4 Bb5 27. Nc5 Rxe5 28. Rxe5 Qc8 29. Qe4 Bc6 30. Qe1 h6 31. d4 Rf8 32. d5 Bd7 33. Re7 Be8 34. Qe5 1-0

[Event "Malopolska-ch"]
[Site "Krakow"]
[Date "2022.06.17"]
[Round "3"]
[White "Wnek, Filip"]
[Black "Trybus, Daniel"]
[Result "0-1"]
[WhiteElo "2002"]
[BlackElo "2199"]
[PlyCount "156"]
[EventDate "2022.06.16"]
[EventType "swiss"]
[EventRounds "7"]
[EventCountry "POL"]
[SourceTitle "CBM 208 Extra"]
[Source "ChessBase"]
[SourceDate "2022.07.31"]
[SourceVersion "1"]
[SourceVersionDate "2022.07.31"]
[SourceQuality "1"]

1. e4 c5 2. Nf3 d6 3. d4 cxd4 4. Nxd4 Nf6 5. Nc3 a6 6. h4 e5 7. Nb3 Be6 8. f4 g6 9. Qd3 Nc6 10. Be3 Rc8 11. Qd2 Ng4 12. 0-0-0 Bh6 13. g3 0-0 14. Be2 Nxe3 15. Qxe3 Nd4 16. Nxd4 exd4 17. Qxd4 Bg7 18. Qxd6 Qa5 19. e5 Rfd8 20. Qa3 Rxd1+ 21. Nxd1 Qc7 22. Bd3 Qc6 23. Re1 Bf8 24. Qa5 Qg2 25. Qd2 Qxg3 26. f5 Bxa2 27. fxg6 hxg6 28. h5 Be7 29. hxg6 fxg6 30. Re3 Qg1 31. Qa5 Bg5 32. Qxa2+ Kg7 33. Qe6 Bxe3+ 34. Kb1 Qxd1+ 35. Ka2 Rc6 36. Qd7+ Kh6 37. Qh3+ Qh5 38. Qxe3+ Kh7 39. Qd4 Qh3 40. Be4 Qg4 41. Qd3 Rc5 42. Bd5 Ra5+ 43. Kb3 Qa4+ 44. Kc3 Rc5+ 45. Bc4 Rxe5 46. Qd6 Qe8 47. Qf6 Rf5 48. Qh4+ Rh5 49. Qg4 Qe3+ 50. Bd3 Qe5+ 51. Kb3 Qd5+ 52. Bc4 Qf5 53. Qe2 Rh3+ 54. c3 Qf6 55. Qg4 Qb6+ 56. Ka2 Re3 57. Qd7+ Kh6 58. Qd2 Qa5+ 59. Kb3 Qe5 60. Qd8 Kh5 61. Qd1+ Kg5 62. Qd8+ Qe7 63. Qd5+ Kh6 64. Qh1+ Kg7 65. Qd5 b5 66. Qg8+ Kf6 67. Qh8+ Kg5 68. Bd5 Qe5 69. Qd8+ Qf6 70. Qc7 Re5 71. Qc5 Kh6 72. Qd4 Qd6 73. Qf4+ g5 74. Qh2+ Kg7 75. Bb7 Qe6+ 76. Ka3 b4+ 77. cxb4 Re3+ 78. Ka4 Qa2# 0-1

[Event "Malopolska-ch"]
[Site "Krakow"]
[Date "2022.06.16"]
[Round "2"]
[White "Trybus, Daniel"]
[Black "Kowalski, Igor"]
[Result "0-1"]
[WhiteElo "2199"]
[BlackElo "2356"]
[PlyCount "76"]
[EventDate "2022.06.16"]
[EventType "swiss"]
[EventRounds "7"]
[EventCountry "POL"]
[SourceTitle "CBM 208 Extra"]
[Source "ChessBase"]
[SourceDate "2022.07.31"]
[SourceVersion "1"]
[SourceVersionDate "2022.07.31"]
[SourceQuality "1"]

1. e4 c6 2. d4 d5 3. Nc3 dxe4 4. Nxe4 Bf5 5. Ng3 Bg6 6. Nh3 Nf6 7. c3 Nbd7 8. Nf4 e5 9. dxe5 Nxe5 10. Qxd8+ Rxd8 11. Be3 b6 12. h3 Nd5 13. Nxd5 Rxd5 14. Be2 Nd3+ 15. Kf1 Bc5 16. Bf3 Rd6 17. Bxc5 Nxc5 18. Re1+ Kd7 19. Kg1 Nd3 20. Re2 Re8 21. Rd2 Ne5 22. Rxd6+ Kxd6 23. Be2 Bd3 24. Bxd3 Nxd3 25. Kh2 Nxb2 26. Nf5+ Kc7 27. Nxg7 Re2 28. Kg3 Nd3 29. Rd1 Nxf2 30. Rf1 Ne4+ 31. Kf3 Nxc3 32. Rc1 Nxa2 33. Kxe2 Nxc1+ 34. Kd2 Nb3+ 35. Kc3 Nc5 36. Ne8+ Kd8 37. Nf6 Ke7 38. Nxh7 f6 0-1